000
00280nam a22001337a 4500
008
210511b ||||| |||| 00| 0 eng d
041
_a
eng
080
_a
94
082
_a
94
100
_a
16
101
_a
SHH
245
_a
Commitment to Freedom
_c
Canham,E.D
942
_2
udc
_c
BK
999
_c
57153
_d
57153